Los tres pueblos bíblicos en su lucha por la dominación del mundo

Guardat en:
Dades bibliogràfiques
Autor principal: Meinvielle, Julio (autor)
Format: Llibre
Idioma:espanyol
Publicat: Buenos Aires Adsum 1937
Matèries:
Etiquetes: Afegir etiqueta
Sense etiquetes, Sigues el primer a etiquetar aquest registre!

MARC

LEADER 00000nam a2200000 a 4500
001 UCU1846
003 CL-VaPUC
008 960412e19370000AG |||||||||||||||||spa|d
082 0 4 |a 270  |b MEI  |2 21 
100 |a Meinvielle, Julio  |e autor  |9 527244 
245 1 4 |a Los tres pueblos bíblicos en su lucha por la dominación del mundo 
300 |a 99 p 
942 |c BK 
945 |d 19960412 00:00:00  |a aalvarez 
260 |a Buenos Aires  |b Adsum  |c 1937 
650 0 |a Filosofía de la historia  |9 265651 
650 7 |a PUEBLOS BIBLICOS  |2 CL-VaPUC  |9 357637 
583 |a last modification  |c 19960412 00:00:00  |k Rodrigo Vera 
999 |c 246324  |d 246322 
952 |0 0  |1 0  |4 0  |6 270_000000000000000_MEI_1937  |7 0  |8 P  |9 261208  |a BIBTEO  |b BIBTES  |c TEO_FTES  |d 2019-11-19  |i 3146723  |o 270 MEI 1937  |p 3146723  |r 2024-01-18  |w 2019-11-19  |y BK  |k ICR